William Roy 1726-1790: pioneer of the Ordnance Survey. Catalogue of an exhibition (Record no. 86530)

MARC details
000 -LEADER
fixed length control field 00464cam a2200169 4500
001 - CONTROL NUMBER
control field D7628
008 - FIXED-LENGTH DATA ELEMENTS--GENERAL INFORMATION
fixed length control field 090401t1977 xxu||||| |||| 00| 0 eng d
035 ## - SYSTEM CONTROL NUMBER
System control number (Sirsi) u8567
041 ## - LANGUAGE CODE
Language code of text/sound track or separate title eng
050 ## - LIBRARY OF CONGRESS CALL NUMBER
Classification number 016.526909
245 ## - TITLE STATEMENT
Title William Roy 1726-1790: pioneer of the Ordnance Survey. Catalogue of an exhibition
260 ## - PUBLICATION, DISTRIBUTION, ETC.
Place of publication, distribution, etc. London
Name of publisher, distributor, etc. British Museum for the British Library
Date of publication, distribution, etc. 1977
300 ## - PHYSICAL DESCRIPTION
Extent 56p. ill. 25cm
350 ## - PRICE (NR) (BK AM CF MU VM SE) [OBSOLETE]
Price 0
942 ## - ADDED ENTRY ELEMENTS (KOHA)
Suppress in OPAC 0
948 ## - LOCAL PROCESSING INFORMATION (OCLC); SERIES PART DESIGNATOR (RLIN)
c (OCLC) 04/03/1997
Holdings
Withdrawn status Lost status Source of classification or shelving scheme Damaged status Not for loan Home library Current library Shelving location Date acquired Total Checkouts Full call number Barcode Date last seen Copy number Price effective from Koha item type
    Dewey Decimal Classification     London London Basement 14/09/1999   SHELF 132 30000033 06/08/2019 1 06/08/2019 Reference material